Diddy Kong Racing: Vehicle Choices - Statistics

General Stats
  • This quiz has been taken 3 times
  • The average score is 13 of 20
Answer Stats
Question Answer % Correct
Ancient Lake Car+Hover+Plane
100%
Hot Top Volcano Plane+Hover
100%
Crescent Island Car+Hover
67%
Walrus Cove Car+Hover
67%
Snowball Valley Car+Hover
67%
Darkmoon Caverns Car+Hover
67%
Fossil Canyon Car+Hover+Plane
67%
Jungle Falls Car+Hover+Plane
67%
Treasure Caves Car+Hover+Plane
67%
Windmill Plains Car+Hover+Plane
67%
Spacedust Alley Car+Hover+Plane
67%
Star City Car+Hover+Plane
67%
Spaceport Alpha Car+Hover+Plane
67%
Whale Bay Hovercraft only
67%
Pirate Lagoon Hovercraft only
67%
Boulder Canyon Hovercraft only
67%
Greenwood Village Car+Hover
33%
Haunted Woods Car+Hover
33%
Everfrost Peak Car+Hover+Plane
33%
Frosty Village Car+Hover+Plane
33%
No matching quizzes found
Score Distribution
Percent of People with Each Score
Percentile by Number Answered
Your Score History
You have not taken this quiz